| 000 | 00407nam a22001457a 4500 | ||
|---|---|---|---|
| 020 | _a9780070700222 | ||
| 040 | _cNUST | ||
| 082 | _a670.423 SWA | ||
| 100 |
_aSwain, Anup Kumar _9112438 |
||
| 110 |
_aPatra, Hemalata. Roy, Gopendra Kishore _9112439 |
||
| 245 | _aMechanical Operations | ||
| 260 |
_aNew Delhi: _bTata McGraw Hill, _c2014. |
||
| 650 |
_aMechanical Operations _9112440 |
||
| 942 |
_2ddc _cBK |
||
| 999 |
_c594806 _d594806 |
||